Housing studies (Record no. 75995)
[ view plain ]
| 000 -LEADER | |
|---|---|
| fixed length control field | 01012cab a2200181 4500 |
| 001 - CONTROL NUMBER | |
| control field | ##L131236 |
| 008 - FIXED-LENGTH DATA ELEMENTS--GENERAL INFORMATION | |
| fixed length control field | 051010n2005 000 0 eng u |
| 035 ## - SYSTEM CONTROL NUMBER | |
| System control number | (Sirsi) u131236 |
| 041 0# - LANGUAGE CODE | |
| Language code of text/sound track or separate title | eng |
| 100 1# - MAIN ENTRY--PERSONAL NAME | |
| Personal name | Gardiner, Joey |
| 245 00 - TITLE STATEMENT | |
| Title | Housing studies |
| 260 3# - PUBLICATION, DISTRIBUTION, ETC. | |
| Date of publication, distribution, etc. | 2005 |
| 490 ## - SERIES STATEMENT | |
| Series statement | Regeneration and Renewal |
| Volume/sequential designation | 30 September 2005, 20-21(2) |
| 520 ## - SUMMARY, ETC. | |
| Summary, etc. | Looks at private sector solutions to studentification, the increasing concentration of students in specific locations which leads only to community decline. In the last few years private developers have built dedicated student accommodation in city-centre sites close to university campuses. Housing associations have also moved into this market in collaboration with institutional property investors. Describes the student block model and provides a case study of issues and solutions in Headingley, Leeds. |
| 590 ## - LOCAL NOTE (RLIN) | |
| Local note | IKA111005 |
| 690 ## - LOCAL SUBJECT ADDED ENTRY--TOPICAL TERM (OCLC, RLIN) | |
| Topical term or geographic name as entry element | PROPERTY-RESIDENTIAL PROPERTY-COMMUNAL RESIDENTIAL PROPERTY-COMMUNAL RESIDENTIAL FACILITIES |
| 942 ## - ADDED ENTRY ELEMENTS (KOHA) | |
| Suppress in OPAC | 0 |
| Withdrawn status | Lost status | Source of classification or shelving scheme | Damaged status | Not for loan | Home library | Current library | Shelving location | Date acquired | Total Checkouts | Full call number | Barcode | Date last seen | Copy number | Price effective from | Koha item type |
|---|---|---|---|---|---|---|---|---|---|---|---|---|---|---|---|
| Dewey Decimal Classification | London | London | Journal article | 10/10/2005 | L131236 | 131236-1001 | 06/08/2019 | 1 | 06/08/2019 | Journal article |